| 000 | 00000nam##2200000za#4500 |
| 001 | 9.610339 |
| 003 | CaOODSP |
| 005 | 20200327115845 |
| 007 | ta |
| 008 | 150406|1992||||xxc||||| f|0| 0 eng|d |
| 022 | |a0706-6457 |
| 040 | |aCaOODSP|beng |
| 043 | |an-cn--- |
| 086 | 1 |aFs97-6/1735E |
| 110 | 1 |aCanada. |bDepartment of Fisheries and Oceans. |
| 245 | 10|aParasites of fishes from Dauphin Lake, Manitoba, 1985-1987 / |cby A. J. Szalai et al. |
| 260 | |aOttawa - Ontario : |bFisheries and Oceans Canada |c1992. |
| 300 | |a36p. : |bfigs., graphs, references, tables ; |c28 cm. |
| 490 | 1 |aCanadian technical report of fisheries and aquatic sciences|x0706-6457|v1735 |
| 500 | |aPrepared in the Central and Arctic Region, Department of Fisheries and Oceans, Winnipeg, Manitoba R3T 2N6. |
| 546 | |aRésumés en français |
| 563 | |aSoftcover |
| 690 | 07|aParasites|2gcpds |
| 690 | 07|aFish|2gcpds |
| 720 | 1 |aSzalai, A. J. |
| 776 | 0#|tParasites of fishes from Dauphin Lake, Manitoba, 1985-1987 / |w(CaOODSP)9.573829 |
| 830 | #0|aCanadian technical report of fisheries and aquatic sciences,|x0706-6457|v1735|w(CaOODSP)9.514691 |